| 000 | 01071cam a22002535a 4500 | ||
|---|---|---|---|
| 001 | L158827 | ||
| 008 | 150730s2010 xxk f 000 0 eng d | ||
| 020 | _a9780984015313 | ||
| 035 | _a(Sirsi) u158827 | ||
| 041 | 0 | _aeng | |
| 050 | 0 | 4 | _aF692.3 |
| 110 | 2 |
_aBuilding Owners and Managers Association International _96157 |
|
| 245 | 0 | 0 |
_aIndustrial buildings _bStandard methods of measurement |
| 260 |
_aWashington DC _bBOMA _c2012 |
||
| 300 | _aiv, 53p ; 27cm | ||
| 520 | _aThis standard is intended for measurement of floor areas in new and existing industrial buildings occupied by single and multiple occupants. Specifies two methods of measurement: the Exterior Enclosure Method which measures a building from the outside surface of its perimeter enclosure and the Drip Line Method which measures a building from the drip line of its roof. | ||
| 590 | _aKA | ||
| 650 | 2 | 4 | _aSTANDARDS METHODS OF MEASUREMENT |
| 650 | 2 | 4 | _aINDUSTRIAL BUILDINGS |
| 651 | 4 | _aUnited States | |
| 690 |
_aMeasurement _96256 |
||
| 690 |
_aResidential property _96266 |
||
| 942 | _n0 | ||
| 999 |
_c115526 _d115526 |
||